00322nam a2200133Ia 4500003000400000005001700004008004100021020001800062040002000080100002400100245002500124260003100149300000800180OSt20231230052327.0170524s9999 xx 000 0 und d a9788177227130 cIIMT UNIVERSITY aPARTHASARTHY, SWAMI 0aCORPORATE GOVERNANCE aNEW DELHIbDREAMTECHc2011 a414